header

The politics of gender and education (Record no. 102182)

MARC details
000 -LEADER
fixed length control field 01403nam a2200349Ia 4500
082 04 - DEWEY DECIMAL CLASSIFICATION NUMBER
Classification number 370/.82
245 04 - TITLE STATEMENT
Title The politics of gender and education
260 ## - PUBLICATION, DISTRIBUTION, ETC. (IMPRINT)
Place of publication New York :
Name of publisher Palgrave Macmillan,
Year of publication 2003.
300 ## - PHYSICAL DESCRIPTION
Number of Pages xi, 195 p.
650 #0 - SUBJECT ADDED ENTRY--TOPICAL TERM
Topical Term Sex differences in education
Topical Term Educational equalization
Topical Term Feminism and education
700 1# - ADDED ENTRY--PERSONAL NAME
Personal name Ali, Suki,
Personal name Benjamin, Shereen,
Personal name Mauthner, Melanie L.,
856 40 - ELECTRONIC LOCATION AND ACCESS
Uniform Resource Identifier http://site.ebrary.com/lib/rucke/Doc?id=10103738

No items available.

© 2026 Rongo University
Contact us: librarian | system librarian | Rongo university